Регионална библиотека "Любен Каравелов" - Русе

Събрано (Запис номер 487941)

MARC детайли
000 -Лидер
Контролно поле с фиксирана дължина nam a22 a 4500
003 - Код на организацията, давaща контролен номер
Контролно поле BLK
005 - Дата и час на последна редакция
Контролно поле 20221220090400.0
008 - Елементи от данни с фиксирана дължина
fixed length control field 180413b bul|||||r ||||||| ||bul||
020 ## - Международен стандартен номер на книга ISBN
Международен стандартен номер на книга ISBN 9789545155789
040 ## - Източник на каталожния запис
Идентификатор на билиотеката - собственик на записа BLK
041 ## - Код за език
Код за езика на текст/звукозапис или на отделно заглавие Български
Код за езика КДБФ Български
080 ## - УДК
Текстов определител УДК Българска литература
УДК код - определител по УДК 821.163.2
УДК - код + определител 821.163.2-8(081)
УДК определител -8(081)
100 1# - Редна дума - Автор
Автор Ралин, Радой
Авторска отговорност първи автор
Автор - информация (биография) Стоянов, Димитър Стефанов
R(LIN) 364208
139 ## - Редно поле
Редна дума Ралин, Радой
Авторски знак Рал - Р 32
245 10 - Сведения за заглавието
Заглавие Събрано
Подзаглавни данни Юбил. изд.
Редно поле (дума) Радой Ралин.
257 ## - Страна на издаване
Страна на създаване/издаване България
260 ## - Област на издателските данни
Име на издателя, разпространителя и проч. Millenium
Година на издаване 2022
9 (RLIN) 216781
Място на издаване, разпространение и проч. София
Издателство - префикс ISBN 978-954-515-
Печатница ([София] : Инвестпрес)
300 ## - Физическа характеристика
Страници 448 с.
Илюстрации и др. с ил.
Размери/Мащаб 21 см
380 ## - Жанр
Жанр Худож. лит.
500 ## - Общи забележки
Забележка Радой Ралин - псевд. на авт. Димитър Стефанов Стоянов. - Биогр. данни за авт. отбелязани на гърба на кор.
852 ## - Местоположение
Форматна сигнатура Цб
Фондова буква Хранилище
856 ## - Електронен адрес и достъп
Инструкция (цена за достъп) 0.00
Права за достъп disable
999 ## - СИСТЕМНИ КОНТРОЛНИ НОМЕРА
Koha biblionumber 487941
Koha biblioitemnumber 487941
942 ## - АРТИКУЛИ
Вид на библиотечния материал Книги
Скрит в OPAC Не
Периодичен библиозапис Да
944 ## - СЪЗДАВАНЕ И РЕДАКЦИЯ на ЗАПИСА
Създаване/Редакция Създаване
Дата на регистрацията/редакция 2022-12-19
Служител, извършил регистрацията/редакцията Ренета Константинова
999 ## - СИСТЕМНИ КОНТРОЛНИ НОМЕРА
Koha biblioitemnumber 487941
Наличности
Код за отписване Код за изгубен артикул Източник на класификационната схема Код за повреда Коз за рестрикции Код за отдаване Артикулен № Име на библиотеката - собственик Име на библиотеката, в която се намира в момента Статус (Текущо местоположение) Дата на вписване в системата Местоположение - отдел Цена в лева Систематично азбучна сигнатура Баркод Цена в евро Служебен тип на артикула
  Не е изгубен Universal Decimal Classification Не е повреден само за читалня ползва се в читалня 921421 Регионална библиотека "Любен Каравелов" Русе Регионална библиотека "Любен Каравелов" Русе Хранилище 2022-12-21 Хранилище 25.00 Цб 316022 120000881235 12.78 Книги
Vip Innovations Ltd, Rousse, Bulgaria 2025